[Event "El Vendrell op 3rd"]
[Site "El Vendrell"]
[Date "2023.07.15"]
[Round "8"]
[White "Mateos Rozas, Miguel Angel"]
[Black "Lacasa Diaz, Oriol"]
[Result "0-1"]
[WhiteElo "2179"]
[BlackElo "1690"]
[PlyCount "128"]
[EventDate "2023.07.15"]
[EventType "swiss (rapid)"]
[EventRounds "9"]
[EventCountry "ESP"]
[SourceTitle "CBM 215 Extra"]
[Source "ChessBase"]
[SourceDate "2023.09.30"]
[SourceVersion "1"]
[SourceVersionDate "2023.09.30"]
[SourceQuality "1"]

1. e4 c5 2. Nf3 g6 3. d4 cxd4 4. Nxd4 Nc6 5. Nc3 Bg7 6. Be3 Nf6 7. Bc4 0-0 8. Bb3 Re8 9. 0-0 d6 10. h3 Na5 11. Qd2 Nxb3 12. axb3 b6 13. Nc6 Qc7 14. Nb4 Bb7 15. Qd3 Rec8 16. Rfd1 Kf8 17. f3 h5 18. Nb5 Qb8 19. Na6 Bxa6 20. Rxa6 Nd7 21. b4 Ne5 22. Qb3 Nc4 23. Bd4 Bxd4+ 24. Rxd4 Qb7 25. Rxa7 Rxa7 26. Nxa7 Qxa7 27. Rxc4 Rxc4 28. Qxc4 Qa1+ 29. Kh2 Qxb2 30. f4 Qc1 31. e5 dxe5 32. fxe5 Qe3 33. Qd5 Qf4+ 34. Kg1 Qc1+ 35. Kh2 Qf4+ 36. g3 Qxb4 37. e6 Qc5 38. Qd3 Qf2+ 39. Kh1 Qe1+ 40. Kg2 Qxe6 41. Qd8+ Kg7 42. Qd4+ Kh7 43. Qd3 Qc6+ 44. Kh2 b5 45. Qb3 Qc4 46. Qb2 Qe2+ 47. Kg1 Kg8 48. h4 Qc4 49. Kg2 e6 50. Kh3 Qg4+ 51. Kg2 Qe2+ 52. Kh3 Qc4 53. c3 g5 54. hxg5 Qg4+ 55. Kg2 h4 56. Qxb5 Qxg3+ 57. Kf1 Qf3+ 58. Ke1 Qxc3+ 59. Ke2 Qc2+ 60. Kf3 Qf5+ 61. Qxf5 exf5 62. Kf4 Kg7 63. Kxf5 h3 64. Kg4 h2 0-1

[Event "Foment Martinenc op-C 22nd"]
[Site "Barcelona"]
[Date "2022.06.18"]
[Round "9"]
[White "Lacasa Diaz, Oriol"]
[Black "Palmer Pifarre, Joaquin"]
[Result "1-0"]
[WhiteElo "1794"]
[BlackElo "1700"]
[PlyCount "31"]
[EventDate "2022.04.23"]
[EventType "swiss"]
[EventRounds "9"]
[EventCountry "ESP"]
[SourceTitle "EXT 2023"]
[Source "ChessBase"]
[SourceDate "2022.10.05"]
[SourceVersion "1"]
[SourceVersionDate "2022.10.05"]
[SourceQuality "1"]

1. e4 c5 2. Nf3 g6 3. c3 Bg7 4. d4 cxd4 5. cxd4 Nc6 6. Bb5 Qb6 7. Bxc6 bxc6 8. 0-0 Nf6 9. Nc3 0-0 10. b3 d6 11. Be3 Ba6 12. Re1 Nd7 13. Qd2 Qb4 14. Rac1 Rfc8 15. Bh6 Bh8 16. Nd5 1-0

[Event "Foment Martinenc op-C 22nd"]
[Site "Barcelona"]
[Date "2022.04.30"]
[Round "2"]
[White "Bosch Garcia, Ivan"]
[Black "Lacasa Diaz, Oriol"]
[Result "1-0"]
[WhiteElo "1676"]
[BlackElo "1794"]
[PlyCount "69"]
[EventDate "2022.04.23"]
[EventType "swiss"]
[EventRounds "9"]
[EventCountry "ESP"]
[SourceTitle "EXT 2023"]
[Source "ChessBase"]
[SourceDate "2022.10.05"]
[SourceVersion "1"]
[SourceVersionDate "2022.10.05"]
[SourceQuality "1"]

1. e4 c5 2. Nf3 g6 3. d4 cxd4 4. Nxd4 Nc6 5. Nc3 Bg7 6. Be3 Nf6 7. Bc4 0-0 8. Bb3 Re8 9. 0-0 d6 10. h3 Qc7 11. f4 b6 12. Nxc6 Qxc6 13. Ba4 Qc7 14. Bxe8 Nxe8 15. Bd4 e5 16. fxe5 dxe5 17. Be3 Bb7 18. Qf3 Nd6 19. Rad1 f5 20. Nd5 Bxd5 21. exd5 Qxc2 22. Rf2 Qc7 23. Rc1 Qd7 24. Rfc2 Rc8 25. Rc6 Bf8 26. g4 Rxc6 27. dxc6 Qc7 28. Qd5+ Kh8 29. Qxe5+ Bg7 30. Qd5 Ne4 31. Bf4 Qe7 32. c7 Nd6 33. c8Q+ Nxc8 34. Rxc8+ Bf8 35. Be5+ 1-0